| 000 -LEADER |
| fixed length control field |
01290nam a22002537a 4500 |
| 003 - CONTROL NUMBER IDENTIFIER |
| control field |
OSt |
| 005 - DATE AND TIME OF LATEST TRANSACTION |
| control field |
20230731090800.0 |
| 008 - FIXED-LENGTH DATA ELEMENTS--GENERAL INFORMATION |
| fixed length control field |
230731b ||||| |||| 00| 0 eng d |
| 020 ## - INTERNATIONAL STANDARD BOOK NUMBER |
| International Standard Book Number |
9781009093903 |
| 040 ## - CATALOGING SOURCE |
| Transcribing agency |
KH8 |
| 082 ## - DEWEY DECIMAL CLASSIFICATION NUMBER |
| Classification number |
428.24 LUC |
| 100 ## - MAIN ENTRY--PERSONAL NAME |
| Personal name |
Lucantoni, Peter, |
| Relator term |
author. |
| 245 ## - TITLE STATEMENT |
| Title |
Cambridge IGCSE English as a Second Language ; |
| Remainder of title |
Teacher's Resource / |
| Statement of responsibility, etc. |
Peter Lucantoni. |
| 250 ## - EDITION STATEMENT |
| Edition statement |
Sixth edition |
| 260 ## - PUBLICATION, DISTRIBUTION, ETC. |
| Place of publication, distribution, etc. |
United Kingdom, |
| Name of publisher, distributor, etc. |
Cambridge University Press, |
| Date of publication, distribution, etc. |
2022. |
| 300 ## - PHYSICAL DESCRIPTION |
| Extent |
xiii, 198 pages, |
| Dimensions |
8.5 x 0.4 x 10.7 inches. |
| 440 ## - SERIES STATEMENT/ADDED ENTRY--TITLE |
| Title |
Cambridge International IGCSE |
| 500 ## - GENERAL NOTE |
| General note |
Digital access |
| 520 ## - SUMMARY, ETC. |
| Summary, etc. |
eaching ideas, classroom inspiration and key advice – the Cambridge IGCSE™ English as a Second Language Teacher’s Resource with Digital Access is here to support you as you guide your students through the syllabus.From step-by-step guidance through all of the coursebook activities, to extra end-of-unit tests and sample answers, this resource saves valuable lesson planning time so that you can focus on what really matters – supporting your students. This teacher’s resource supports the syllabuses for examination from 2024. |
| 650 ## - SUBJECT ADDED ENTRY--TOPICAL TERM |
| Topical term or geographic name entry element |
English language |
| 650 ## - SUBJECT ADDED ENTRY--TOPICAL TERM |
| Topical term or geographic name entry element |
Study and teaching |
| 650 ## - SUBJECT ADDED ENTRY--TOPICAL TERM |
| Topical term or geographic name entry element |
Foreign speakers |
| 942 ## - ADDED ENTRY ELEMENTS (KOHA) |
| Source of classification or shelving scheme |
|
| Koha item type |
Teaching Resources |